| 000 | 03989nam a22003977a 4500 | ||
|---|---|---|---|
| 005 | 2011010409179.0 | ||
| 010 | _aHIN-91474 B-443562-572 | ||
| 020 | _c100.00 | ||
| 035 | _aHN-63820 | ||
| 035 | _aB-443562-572 | ||
| 037 | _bDBAD / PUB | ||
| 037 | _bके.के.पब्लिकेशंस | ||
| 082 | _a000 | ||
| 100 |
_aशर्मा, देवदत्त _937358 |
||
| 245 |
_aविरासतः _cदेवदत्त शर्मा _bप्रश्नोत्तरी / |
||
| 260 |
_aजयपुर _bहंसा प्रकाशन _c2008 |
||
| 270 |
_a57, नाटाणी भवन, मिश्रराजाजी का रास्ता, चांदपोल बाजार _bजयपुर _e302001 |
||
| 300 |
_a191पृ _c22सेमी (अजिल्द) |
||
| 500 | _aराजस्थान की कला,संस्कृति, इतिहास, पुरातत्व एवं विरासत से जुड़े 1500 सवाल | ||
| 700 | _925138 | ||
| 700 | _925157 | ||
| 942 |
_adpl _cHN _2ddc _mशर्मादे _h000 |
||
| 999 |
_c49723 _d49723 |
||